00485nam a2200157Ia 450000500170000000800410001708200130005810000150007124500210008626000410010730000180014850000410016694200060020795200990021399900150031220250405181554.0240331s9999 xx 000 0 und d bSANa894 aSanthan, A 0aInnoru venniravu aJaffnabVenn Pura Publicationsc1888 aviii, 42 p ., aCollection of Short Stories in Tamil cL 001040708LaWERCLbWERCLcSSCd2024-03-31l0o 894.811 SANp5393r2024-03-31w2024-03-31yL c4153d4153